Izbrannoje : stichi : teatr : stat'ji /

Hlavní autor: García Lorca, Federico, 1898-1936
Další autoři: Strel'cova, Je.
Jazyk: Ruština
Vydáno: Moskva : Moskovskij rabočij, 1983
Fyzický popis: 335 s.
Knihy
Uloženo v:
LEADER 00737nam a2200217 a 4500
001 000485532
003 CZ BrMZK
005 20100617134157.0
007 ta
008 000105s1983 ru f rus d
040 |a BOA001  |b cze 
041 1 |a rus  |h spa 
080 |a 860(082)=82  |2 MRF 
100 1 |a García Lorca, Federico,  |d 1898-1936  |7 jn19981001316  |4 aut 
245 1 0 |a Izbrannoje :  |b stichi : teatr : stat'ji /  |c Federiko Garsia Lorka ; perev. s ispan. ; sost. i predisl. Je. Strel'covoj 
260 |a Moskva :  |b Moskovskij rabočij,  |c 1983 
300 |a 335 s. 
700 1 |a Strel'cova, Je.  |4 com  |4 wfw 
910 |a BOA001  |b 2-0869.462 
990 |a BK 
996 7 |b 2619709457  |c 2-0869.462  |l MZK  |r Sklad / do 1 hodiny  |n 2  |w 000485532  |u 000010  |a 1  |e BOA001  |j MZK50  |s A